JJBA: Every Musical Reference in part 5 - Statistics

General Stats
  • This quiz has been taken 246 times
  • The average score is 18 of 26
Answer Stats
User Stand Name % Correct
Narancia Ghirga Aerosmith
94%
Diavolo King Crimson
86%
Guido Mista Sex Pistols
85%
Leone Abbacchio Moody Blues
83%
Trish Una Spice Girl
83%
Bruno Bucciarati Sticky Fingers
82%
Risotto Nero Metallica
79%
Jean Pierre Polnareff Silver Chariot
78%
Pannocotta Fugo Purple Haze
77%
Pesci Beach Boy
74%
Giorno Giovanna Gold Experience
74%
Polpo Black Sabbath
73%
Cioccolata Green Day
71%
Melone Baby Face
63%
Illuso Man In The Mirror
61%
Coco Jumbo Mr. President
61%
Carne Notorious B.I.G
61%
Secco Oasis
60%
Ghiaccio White Album
60%
Prosciutto The Grateful Dead
58%
Squalo Clash
53%
Formaggio Little Feet
52%
Sale Kraft work
51%
Tiziano Talking Head
51%
Scolippi Rolling Stones
46%
Mario Zucchero Soft Machine
42%
No matching quizzes found
Score Distribution
Percent of People with Each Score
Percentile by Number Answered
Your Score History
You have not taken this quiz